000 02209cam a22004694i 4500
003 PE-LiUPU
005 20250731173353.0
008 150706s r 000 0 d
020 _a987436159x
035 _a(Sirsi) i987436159
040 _aPE-LiUPU
_bspa
_cPE-LiUPU
_erda
049 _aPRUA
082 0 4 _a286.732092
_bB742003
_221
100 1 _aBorgo de Vllejos, Ramona,
_eautor.
245 1 0 _aDios me llevó de la mano /
_cincontables muestras de su amor.
264 1 _a[Entre Rios, Argentina] :
_b[s.E],
_c2003.
300 _a168 páginas :
_bilustraciones ;
_c17 cm.
336 _atext
_2rdacontent
337 _aunmediated
_2rdamedia
338 _avolume
_2rdacarrier
505 0 _aRecuerdos de mi infancia -- El nuevo maestro -- Amor a primera vista -- Compromiso -- Por caminos desconocidos -- Los senderos del servicio -- Llamando a Urdinarrain Entre Ríos -- Nuevo cambio-nuevo desafío -- Oraciones contestadas -- Nuevamente en movimiento.otro desafío -- Oasis -- Llega a la colonia un forastero -- Visita inesperada -- Hecho insospechados -- Otro incidente -- Un arroyuelo que se transforma en lavarropa -- Tratamiento naturales+ oración=éxito -- Aprendiendo en la escuela de la vida -- Los nuevos ricos -- vida de jubilados -- Mi Dios es tan grande.-Señor tu puedes -- Sembrando amor -- Dios me probó.
526 _aSEG42
526 _aSEG41
526 _aSEG40
526 _aSEG39
526 _aP94
526 _aP87
526 _aP86
526 _aP85
526 _aP77
526 _aP76
526 _aP35
600 1 _aBorgo de Vallejos, Ramona.
_d1916-
650 0 4 _aAdventistas del séptimo día
_xBiografías.
910 _bjv
_cng
_d20100720
942 _2ddc
_cBOOK
949 _a286.732092 B74 2003
_wDEWEY
_c1
_i61947
_lCCODEBUL1
_mBUL
_p8.00
_r0
_sY
_tBOOK
_u2015-7-6
_xTEOLOGIA
_PP35
_o.STAFF. Colección General
994 _aC0
_bPEPRU
596 _a1
999 _a286.732092 B74 2003
_wDEWEY
_c51061
_i61947
_d51061
_f2021-11-11
_g6
_lCCODEBUL1
_mBUL
_p8.00
_q2
_r0
_sY
_tBOOK
_u2015-7-6
_xTEOLOGIA
_PP35
_0COMPRA
_o.STAFF. Colección General
980 _81
_gALBERTO SANCHEZ Responsable de Automatización